Ensayo bibliográfico de Don Carlos de Sigüenza y Góngora / (Record no. 115558)

MARC details
000 -LEADER
campo de control de longitud fija 00805nam a2200217 i 4500
001 - NÚMERO DE CONTROL
campo de control 115558
003 - IDENTIFICADOR DE NÚMERO DE CONTROL
campo de control ES-MaACL
005 - FECHA Y HORA DE LA ÚLTIMA TRANSACCIÓN
campo de control 20251111142758.0
007 - CAMPO FIJO DE DESCRIPCIÓN FÍSICA--INFORMACIÓN GENERAL
campo de control de longitud fija t|
008 - DATOS DE LONGITUD FIJA--INFORMACIÓN GENERAL
campo de control de longitud fija 070315s1929 mx ||||1| spa d
080 ## - NÚMERO DE LA CLASIFICACIÓN DECIMAL UNIVERSAL
Número de la Clasificación Decimal Universal 012 Sigüenza y Góngora, Carlos de
100 1# - ENTRADA PRINCIPAL--NOMBRE DE PERSONA
Nombre de persona Leonard, Irving A.
9 (RLIN) 71666
245 10 - MENCIÓN DEL TÍTULO
Título Ensayo bibliográfico de Don Carlos de Sigüenza y Góngora /
Mención de responsabilidad, etc. por Irving A. Leonard.
260 ## - PUBLICACIÓN, DISTRIBUCIÓN, ETC.
Lugar de publicación, distribución, etc. México :
Nombre del editor, distribuidor, etc. [s.n.],
Fecha de publicación, distribución, etc. 1929 (
Fabricante Imp. de la Secretaría de Relaciones Exteriores)
300 ## - DESCRIPCIÓN FÍSICA
Extensión X, 65 p. ;
Dimensiones 20 cm.
490 1# - MENCIÓN DE SERIE
Mención de serie Monografías bibliográficas mexicanas ;
Designación de volumen o secuencia 15
600 04 - PUNTO DE ACCESO ADICIONAL DE MATERIA--NOMBRE DE PERSONA
Nombre de persona Sigüenza y Góngora, Carlos de,
Fechas asociadas al nombre 1645-1700-
Subdivisión de forma Bibliografías
9 (RLIN) 106319
830 0# - PUNTO DE ACCESO ADICIONAL DE SERIE-TÍTULO UNIFORME
Título uniforme Monografías bibliográficas mexicanas ;
Designación de volumen o secuencia 15
9 (RLIN) 186305
852 ## - LOCALIZACIÓN
Ubicación ES-MaACL
Número de control de estantería B-13416
Holdings
Estatus retirado Estado de pérdida Estado de daño No para préstamo Biblioteca de origen Biblioteca actual Ubicación en estantería Fecha de adquisición Fuente de adquisición Total de préstamos Signatura topográfica completa Código de barras Visto por última vez Precio de reemplazo Tipo de ítem Koha
        Biblioteca del Ateneo de Madrid Biblioteca del Ateneo de Madrid Sala Pardo Bazán 17/01/2008     B-13416 1120490 23/02/2023 23/02/2023 Libro impreso